[Event "Le Touquet op 19th"]
[Site "Le Touquet"]
[Date "2004.10.28"]
[Round "5"]
[White "Therkildsen, Thomas"]
[Black "Bratanov, Zsivko"]
[Result "0-1"]
[WhiteElo "2252"]
[BlackElo "2448"]
[PlyCount "43"]
[EventDate "2004.10.25"]
[EventType "swiss"]
[EventRounds "9"]
[EventCountry "FRA"]
[SourceTitle "EXT 2005"]
[Source "ChessBase"]
[SourceDate "2004.11.15"]
[SourceVersion "1"]
[SourceVersionDate "2004.11.15"]
[SourceQuality "1"]

1. e4 c5 2. c3 d6 3. d4 Nf6 4. f3 d5 5. e5 Ng8 6. Bd3 Nc6 7. Ne2 h5 8. dxc5 Nxe5 9. Bb5+ Bd7 10. Qxd5 Nxf3+ 11. Qxf3 Bxb5 12. Qxb7 Rb8 13. Qf3 e5 14. Na3 Bd3 15. 0-0 Nf6 16. b4 a5 17. Qg3 axb4 18. Qxe5+ Qe7 19. cxb4 Rxb4 20. Rd1 Rh4 21. Qd5 Re4 22. Nf4 0-1